|
|
|
|
| LEADER |
00000nam a22000007a 4500 |
| 005 |
20180413233019.0 |
| 007 |
cr|||| |||| |
| 008 |
180413s2017 br |||||s|||| 00||0 por d |
| 020 |
|
|
|a 978-85-361-9275-8
|
| 035 |
|
|
|a 21350
|
| 040 |
|
|
|a vLex
|
| 090 |
|
|
|c 7751
|d 7751
|
| 100 |
1 |
|
|a Josviak, Mariane
|
| 245 |
1 |
0 |
|a Aprendizagem Profissional e Direitos Humanos
|h [Recurso electrn̤ico] :
|b O direito fundamental dos jovens ̉profissionalizaȯ̂ /
|c Mariane Josviak, Regina Bergamaschi Bley, Silvia Cristina Trauczynski
|
| 256 |
|
|
|a Servicio en ln̕ea
|
| 260 |
|
|
|a San Pablo:
|b LTR,
|c 2017
|
| 300 |
|
|
|a 1 recurso electrn̤ico
|
| 500 |
|
|
|a O livro “Aprendizagem Profissional e Direitos Humanos: o direito fundamental dos jovens ̉profissionalizaȯ̂” ren︢e artigos de renomados profissionais sobre o tema. Sô artigos que suscitam queste̳s do ponto de vista da obrigaȯ̂ legal para as empresas, mas, sobretudo, reforȧm a importńcia da inserȯ̂ do jovem no mundo do trabalho, garantindo o seu direito fundamental ̉profissionalizaȯ̂. Os relatos aqui contidos demonstram, como a aprendizagem profissional pode ser propulsora de uma nova vida para inm︢eros jovens brasileiros. Melhorar a qualidade de vida dos jovens ,̌ efetivamente, o caminho mais curto e eficaz para assegurar os direitos humanos e construir uma sociedade mais digna e justa. É o que se espera; ̌o que se deseja!
|
| 506 |
1 |
|
|a Disponible solo en los productos indicados
|d vLex Global
|d vLex Global (Academic Edition, excluding Law Schools)
|d vLex Global (U.S. Academic Edition, Law Schools)
|d vLex Global (U.S. Academic Edition, excluding Law Schools)
|d vLex Global (Academic Edition, Law Schools)
|
| 650 |
0 |
4 |
|a Derecho Civil
|z Brasil
|
| 650 |
0 |
4 |
|a Derecho Constitucional
|z Brasil
|
| 700 |
1 |
|
|a Bergamaschi Bley, Regina
|
| 700 |
1 |
|
|a Trauczynski, Silvia Cristina
|
| 740 |
0 |
|
|a vLex Libros (Servicio en ln̕ea)
|
| 856 |
4 |
0 |
|u http://vlex.com/source/aprendizagem-profissional-e-direitos-humanos-o-direito-fundamental-dos-jovens-a-profissionaliza-o-21350
|z Acceso restringido
|
| 942 |
|
|
|c BOOK
|
| 999 |
0 |
|
|a Civil Law
|
| 999 |
0 |
|
|a Constitutional Law
|